[Event "World Senior Teams +65"]
[Site "Radebeul GER"]
[Date "2016.06.26"]
[Round "1.12"]
[Board "1"]
[White "Hajenius, Willem"]
[Black "Hurme, Harri"]
[Result "0-1"]
[BlackTitle "FM"]
[WhiteElo "2008"]
[BlackElo "2194"]
[WhiteTeam "Belgium 2"]
[BlackTeam "Finland"]
[WhiteFideId "201138"]
[BlackFideId "500321"]
[EventDate "2016.06.26"]

1. d4 Nf6 2. c4 g6 3. Nc3 d5 4. Nf3 Bg7 5. cxd5 Nxd5 6. Bg5 c5 7. Rc1 Nxc3 8.
bxc3 O-O 9. Qd2 Bg4 10. e3 Nc6 11. Be2 f6 12. Bh4 e5 13. O-O cxd4 14. cxd4 exd4
15. Bc4+ Kh8 16. Nxd4 Nxd4 17. exd4 Qd7 18. f3 Bf5 19. g4 Be6 20. Bxe6 Qxe6 21.
d5 Qd7 22. Bf2 b6 23. Bg3 Rac8 24. d6 f5 25. g5 h6 26. Rxc8 Rxc8 27. Re1 f4 28.
Bxf4 hxg5 29. Bxg5 Bc3 30. Qxc3+ Rxc3 31. Bf6+ Kg8 32. Bxc3 Qxd6 33. Kg2 Qa3 34.
Be5 Qxa2+ 35. Kg3 Qd2 36. Re4 a5 37. h4 b5 38. Bf4 Qd7 39. Bg5 b4 40. Re7 Qd6+
41. Kg4 b3 0-1

[Event "World Senior Teams +65"]
[Site "Radebeul GER"]
[Date "2016.06.26"]
[Round "1.12"]
[Board "2"]
[White "Vinke, Dietmar"]
[Black "Van De Wynkele, Herman"]
[Result "1-0"]
[WhiteTitle "FM"]
[WhiteElo "2134"]
[BlackElo "1985"]
[WhiteTeam "Finland"]
[BlackTeam "Belgium 2"]
[WhiteFideId "1703196"]
[BlackFideId "207144"]
[EventDate "2016.06.26"]

1. Nf3 Nf6 2. g3 g6 3. Bg2 Bg7 4. O-O c5 5. d3 d5 6. Nbd2 Nc6 7. e4 e5 8. Re1
O-O 9. c3 Kh8 10. exd5 Nxd5 11. Nc4 f6 12. d4 b5 13. Ncd2 exd4 14. cxd4 c4 15.
a4 c3 16. Nb3 bxa4 17. Nc5 cxb2 18. Bxb2 Rb8 19. Ba3 Ncb4 20. Qxa4 a5 21. Qd1
Re8 22. Qd2 Bf5 23. Rac1 Rxe1+ 24. Nxe1 Qd6 25. Ne4 Bxe4 26. Bxe4 f5 27. Bg2 Qb6
28. Nf3 Nf6 29. Ne5 Ne4 30. Bxe4 fxe4 31. Nd7 Qd8 32. Nxb8 Qxb8 33. Rb1 Qd8 1-0

[Event "World Senior Teams +65"]
[Site "Radebeul GER"]
[Date "2016.06.26"]
[Round "1.12"]
[Board "3"]
[White "Schrickx, Frank"]
[Black "Morant, Paul"]
[Result "1/2-1/2"]
[WhiteElo "1920"]
[BlackElo "2091"]
[WhiteTeam "Belgium 2"]
[BlackTeam "Finland"]
[WhiteFideId "208957"]
[BlackFideId "503517"]
[EventDate "2016.06.26"]

1. e4 e6 2. d4 d5 3. Nd2 c5 4. exd5 Qxd5 5. dxc5 Bxc5 6. Ngf3 Nf6 7. Bc4 Qd6 8.
O-O O-O 9. Nb3 Qxd1 10. Rxd1 Bb6 11. Bg5 Nbd7 12. a4 a6 13. c3 h6 14. Bh4 g5 15.
Bg3 Ne4 16. Nfd2 Nxg3 17. hxg3 g4 18. Nd4 Ne5 19. Be2 h5 20. Nc4 Nxc4 21. Bxc4
e5 22. Nc2 Bf5 1/2-1/2

[Event "World Senior Teams +65"]
[Site "Radebeul GER"]
[Date "2016.06.26"]
[Round "1.12"]
[Board "4"]
[White "Luodonpaa, Martti"]
[Black "De Reymaeker, Walter"]
[Result "0-1"]
[WhiteElo "1831"]
[BlackElo "1889"]
[WhiteTeam "Finland"]
[BlackTeam "Belgium 2"]
[WhiteFideId "502880"]
[BlackFideId "208000"]
[EventDate "2016.06.26"]

1. Nf3 c5 2. c4 g6 3. d4 cxd4 4. Nxd4 Bg7 5. e4 d6 6. Nc3 Nf6 7. Be2 O-O 8. O-O
Nc6 9. Be3 Bd7 10. f3 Nxd4 11. Bxd4 Bc6 12. Qd2 a5 13. b3 Nd7 14. Be3 Qc7 15.
Rac1 Rfc8 16. Rfd1 Qd8 17. Nd5 Bxd5 18. cxd5 Nc5 19. Bc4 h5 20. a3 Kh7 21. Rb1
Qf8 22. Bb5 Qh8 23. b4 axb4 24. axb4 Bc3 25. Qf2 Na6 26. Bd4 Bxd4 27. Qxd4 Qxd4+
28. Rxd4 Nc7 29. Bf1 Ne8 30. Rd2 Nf6 31. g3 Rc3 32. Kf2 Raa3 33. Bg2 g5 34. h3
Nd7 35. f4 f6 36. Re2 Rxg3 37. fxg5 fxg5 38. Rbb2 Rgc3 39. Rec2 Rxc2+ 40. Rxc2
Ne5 41. Rc7 Ng6 42. Rxb7 Kg7 43. Bf3 Kf6 44. Bxh5 Nf4 45. Bg4 Nxh3+ 46. Bxh3
Rxh3 47. b5 Rb3 48. b6 e6 49. Rb8 exd5 50. exd5 Ke5 51. b7 Kxd5 52. Rg8 Rxb7 53.
Rxg5+ Ke4 54. Ke2 Rb2+ 55. Kd1 d5 56. Rg7 d4 57. Re7+ Kd3 58. Kc1 Re2 59. Rc7
Re1+ 60. Kb2 Kd2 61. Rc2+ Ke3 62. Rc7 d3 63. Re7+ Kd2 64. Rd7 Re5 65. Kb3 Rc5
66. Kb4 Rc6 67. Kb3 Rc5 68. Kb4 Rc6 69. Kb3 Ke2 70. Re7+ Kd1 71. Kb2 d2 72. Re5
Rb6+ 73. Kc3 Kc1 74. Ra5 Rc6+ 0-1

[Event "World Senior Teams +65"]
[Site "Radebeul GER"]
[Date "2016.06.26"]
[Round "1.13"]
[Board "1"]
[White "Rooze, Jan"]
[Black "Harding, Tim D"]
[Result "1-0"]
[WhiteTitle "IM"]
[BlackTitle "CM"]
[WhiteElo "2322"]
[BlackElo "2001"]
[WhiteTeam "Belgium 1"]
[BlackTeam "Ireland"]
[WhiteFideId "200050"]
[BlackFideId "2500256"]
[EventDate "2016.06.26"]

1. e4 e6 2. d4 d5 3. Nc3 dxe4 4. Nxe4 Nd7 5. Nf3 Be7 6. Bd3 Ngf6 7. Nxf6+ Bxf6
8. O-O O-O 9. Re1 c5 10. c3 Qc7 11. Qe2 g6 12. Bh6 Bg7 13. Qe3 cxd4 14. cxd4 Nf6
15. Bxg7 Kxg7 16. Rac1 Qd6 17. Qe5 Rd8 18. Red1 b6 19. Rc7 Kg8 20. Rxc8 Raxc8
21. Qxf6 Rc7 22. h4 Qe7 23. Qxe7 Rxe7 24. Rc1 Rd5 25. b4 Kg7 26. Be4 Rd6 27. Kf1
f6 28. Ke2 Red7 29. b5 Kf7 30. Ke3 Ke7 31. Rc8 Rd8 32. Rc3 R6d7 33. Bc6 Rc7 34.
g4 h6 35. g5 hxg5 36. hxg5 Rh8 37. gxf6+ Kxf6 38. Ne5 Rh3+ 39. f3 g5 40. Rc2 Rh1
41. Ng4+ Ke7 42. Ke4 Re1+ 43. Ne3 Kd6 44. Rg2 Rg7 45. Kd3 a6 46. Rc2 axb5 47.
Bxb5 Rc7 48. Nc4+ Ke7 49. Rh2 Kf6 50. a4 Kf5 51. Rh8 Kf4 52. Rf8+ Kg3 53. Nxb6
Rcc1 54. Nc4 Kf2 55. f4 g4 56. f5 Rcd1+ 57. Kc3 exf5 58. Rxf5+ Kg3 59. Re5 Rf1
60. Ne3 Rf3 61. Be2 Re1 62. Kd2 Ra1 63. Bxf3 gxf3 64. a5 f2 65. Rf5 Ra2+ 66. Kd3 1-0

[Event "World Senior Teams +65"]
[Site "Radebeul GER"]
[Date "2016.06.26"]
[Round "1.13"]
[Board "2"]
[White "Byrne, Ray"]
[Black "Van Herck, Marcel"]
[Result "0-1"]
[WhiteElo "1987"]
[BlackElo "2155"]
[WhiteTeam "Ireland"]
[BlackTeam "Belgium 1"]
[WhiteFideId "2500922"]
[BlackFideId "200344"]
[EventDate "2016.06.26"]

1. d4 Nf6 2. c4 e6 3. Nc3 Bb4 4. e3 Nc6 5. Nf3 d6 6. Be2 O-O 7. O-O Bxc3 8. bxc3
e5 9. Qc2 Re8 10. Nd2 exd4 11. Bd3 dxc3 12. Qxc3 Qe7 13. Bb2 Ne5 14. Bc2 b6 15.
Rae1 Bb7 16. f4 Ng6 17. e4 Qf8 18. Qh3 Bc8 19. Qf3 Bb7 20. Qg3 Nd7 21. h4 f6 22.
h5 Ne7 23. e5 f5 24. Nf3 d5 25. Rd1 Nc5 26. Nd4 dxc4 27. e6 Be4 28. Bxe4 Nxe4
29. Qh3 Qf6 30. g4 c3 31. Bc1 fxg4 32. Qxg4 Rad8 33. Be3 c5 34. Nc2 Nf5 35. Rd7
Qxe6 36. Rxd8 Rxd8 37. h6 Qg6 0-1

[Event "World Senior Teams +65"]
[Site "Radebeul GER"]
[Date "2016.06.26"]
[Round "1.13"]
[Board "3"]
[White "Schuermans, Robert"]
[Black "Murray, Jim G."]
[Result "1-0"]
[WhiteElo "2128"]
[BlackElo "1834"]
[WhiteTeam "Belgium 1"]
[BlackTeam "Ireland"]
[WhiteFideId "200263"]
[BlackFideId "2501490"]
[EventDate "2016.06.26"]

1. e4 e6 2. d4 d5 3. Nc3 Nf6 4. Bg5 Bb4 5. e5 h6 6. Bd2 Bxc3 7. bxc3 Ne4 8. Qg4
g6 9. Bd3 Nxd2 10. Kxd2 c5 11. Rb1 Qg5+ 12. Qxg5 hxg5 13. g4 Nc6 14. Bb5 Bd7 15.
Bxc6 Bxc6 16. Nf3 Ke7 17. Nxg5 Rh4 18. h3 Rah8 19. Rbe1 a6 20. Rhg1 Bd7 21. Rg3
Bc6 22. Rf3 Rf8 23. Rf6 Be8 24. Re3 Rg8 25. Ref3 Rg7 26. dxc5 Rh8 27. R3f4 Rhg8
28. c6 Bxc6 29. Rxf7+ Ke8 30. Rxg7 Rxg7 31. Nxe6 Re7 32. Rf6 Kd7 33. Nf8+ 1-0

[Event "World Senior Teams +65"]
[Site "Radebeul GER"]
[Date "2016.06.26"]
[Round "1.13"]
[Board "4"]
[White "O'Leary, Matt"]
[Black "Maes, Valeer"]
[Result "0-1"]
[WhiteElo "1862"]
[BlackElo "2084"]
[WhiteTeam "Ireland"]
[BlackTeam "Belgium 1"]
[WhiteFideId "2501970"]
[BlackFideId "201634"]
[EventDate "2016.06.26"]

1. Nf3 d5 2. e3 Nf6 3. c4 e6 4. Nc3 c5 5. cxd5 exd5 6. d4 Nc6 7. Bb5 Bd6 8. Ne5
Qc7 9. f4 O-O 10. O-O cxd4 11. Bxc6 dxc3 12. Bxd5 Bxe5 13. fxe5 Qxe5 14. Rxf6
Qxf6 15. bxc3 Qxc3 16. Rb1 Be6 17. Bxe6 fxe6 18. Rxb7 Rad8 0-1

[Event "World Senior Teams +65"]
[Site "Radebeul GER"]
[Date "2016.06.26"]
[Round "1.14"]
[Board "1"]
[White "Schmidt, Gerhard3"]
[Black "Frick, Christoph"]
[Result "0-1"]
[WhiteElo "2077"]
[BlackElo "2243"]
[WhiteTeam "Saxone"]
[BlackTeam "Eck-Gunners"]
[WhiteFideId "12962260"]
[BlackFideId "4607090"]
[EventDate "2016.06.26"]

1. e4 c6 2. d4 d5 3. e5 Bf5 4. Nd2 e6 5. Nb3 Nd7 6. Nf3 Bg6 7. Be2 Ne7 8. O-O
Nc8 9. Be3 Be7 10. Ne1 Ncb6 11. Na5 Rb8 12. c3 c5 13. dxc5 Bxc5 14. Bxc5 Nxc5
15. Bb5+ Nbd7 16. Nb3 O-O 17. Qd4 Qc7 18. Nxc5 Nxc5 19. f4 Rbc8 20. Nd3 Nxd3 21.
Bxd3 Bxd3 22. Qxd3 Qb6+ 23. Rf2 Rc4 24. g3 Re4 25. Rd1 Rc8 26. Kg2 Qc6 27. Kg1
b5 28. Re2 Rc4 29. Qe3 a5 30. Rd4 b4 31. Rxc4 Qxc4 32. cxb4 axb4 33. b3 Qc3 34.
Kf2 d4 35. Qe4 d3 36. Re1 g6 37. Rd1 Qc2+ 38. Ke1 d2+ 0-1

[Event "World Senior Teams +65"]
[Site "Radebeul GER"]
[Date "2016.06.26"]
[Round "1.14"]
[Board "2"]
[White "Weisenburger, Horst"]
[Black "Roos, Hans-Goerg"]
[Result "1/2-1/2"]
[WhiteElo "2170"]
[BlackElo "1948"]
[WhiteTeam "Eck-Gunners"]
[BlackTeam "Saxone"]
[WhiteFideId "4654536"]
[BlackFideId "4689496"]
[EventDate "2016.06.26"]

1. f4 g6 2. Nf3 Bg7 3. e4 d6 4. g3 Nf6 5. Nc3 Nbd7 6. Bg2 e5 7. O-O O-O 8. fxe5
dxe5 9. d3 c6 10. Kh1 Qe7 11. Be3 Ng4 12. Bg1 Bh6 13. Qe2 b5 14. h3 Ngf6 15. Qf2
a5 16. g4 Bg7 17. Qh4 h6 18. Be3 g5 19. Qf2 a4 20. Ne2 Qe6 21. Ng3 Ne8 22. d4
Bb7 23. Nf5 f6 24. Rfd1 Rf7 25. d5 cxd5 26. exd5 Qa6 27. Nd2 Nd6 28. Nxd6 Qxd6
29. Ne4 Qf8 30. Qf5 Bc8 31. d6 Ra6 32. Qg6 Qd8 33. Nc3 Nf8 34. Qd3 f5 35. Bd5
Be6 36. gxf5 Bxd5+ 37. Qxd5 g4 38. Ne4 Qh4 39. Bf2 Qxh3+ 40. Kg1 Qf3 41. Rf1 Nd7
42. Rae1 Qh3 43. Re3 Qh5 44. Ng3 Qg5 45. Rc3 Qf6 46. Rd1 1/2-1/2

[Event "World Senior Teams +65"]
[Site "Radebeul GER"]
[Date "2016.06.26"]
[Round "1.14"]
[Board "3"]
[White "Goerden, Hans-Juergen"]
[Black "Gass, Ulrich"]
[Result "0-1"]
[WhiteElo "1821"]
[BlackElo "2081"]
[WhiteTeam "Saxone"]
[BlackTeam "Eck-Gunners"]
[WhiteFideId "12911216"]
[BlackFideId "4683307"]
[EventDate "2016.06.26"]

1. d4 d6 2. e4 Nf6 3. Nc3 g6 4. f4 Bg7 5. Bd3 c6 6. Nf3 Bg4 7. h3 Bxf3 8. Qxf3
e6 9. e5 Nd5 10. Nxd5 cxd5 11. c3 Qb6 12. O-O Nc6 13. Kh1 O-O-O 14. b4 Kb8 15.
a4 Ne7 16. Ba3 Nc8 17. a5 Qc7 18. Rfc1 Qd7 19. b5 f6 20. exf6 Bxf6 21. Qe2 e5
22. fxe5 dxe5 23. dxe5 Rhe8 24. b6 a6 25. Rab1 Rxe5 26. Qf1 Bg5 27. Re1 Rxe1 28.
Rxe1 Bd2 29. Rb1 Bxc3 30. Qf4+ Nd6 31. Rc1 Bxa5 32. Rc7 Qe6 33. Bxd6 Qxd6 34.
Qf7 0-1

[Event "World Senior Teams +65"]
[Site "Radebeul GER"]
[Date "2016.06.26"]
[Round "1.14"]
[Board "4"]
[White "Freise, Eckhard"]
[Black "Stavenhagen, Johannes"]
[Result "0-1"]
[WhiteElo "2003"]
[BlackElo "1914"]
[WhiteTeam "Eck-Gunners"]
[BlackTeam "Saxone"]
[WhiteFideId "4652193"]
[BlackFideId "24615706"]
[EventDate "2016.06.26"]

1. d4 Nf6 2. c4 e6 3. Nc3 d5 4. cxd5 exd5 5. Bg5 Be7 6. Qc2 h6 7. Bh4 O-O 8. e3
Nc6 9. a3 Re8 10. Bd3 a6 11. Nf3 Be6 12. O-O Nh5 13. Bxe7 Qxe7 14. b4 Nf6 15.
Rfc1 Bg4 16. Nd2 Be6 17. Na4 Nd7 18. Nb3 Rac8 19. Nac5 Nxc5 20. Nxc5 Nd8 21. a4
c6 22. Qb3 Qg5 23. b5 axb5 24. axb5 Bf5 25. Bxf5 Qxf5 26. b6 Re7 27. Ra7 h5 28.
Rca1 h4 29. h3 g5 30. Qd1 Kg7 31. Ra8 Kg6 32. R1a7 Re8 33. Rxc8 Qxc8 34. Qb1+
Kg7 35. Qa1 Qf5 36. Nxb7 Nxb7 37. Rxb7 Re6 38. Rc7 g4 39. hxg4 Qxg4 40. b7 Re8
41. Kh2 Qe6 42. Qa5 h3 43. f3 hxg2 44. Qe1 Rh8+ 45. Kxg2 Qh3+ 46. Kf2 Qh2+ 0-1

[Event "World Senior Teams +65"]
[Site "Radebeul GER"]
[Date "2016.06.26"]
[Round "1.15"]
[Board "1"]
[White "Vucenovic, Dragomir"]
[Black "Smeets, Pierre"]
[Result "1-0"]
[WhiteTitle "FM"]
[WhiteElo "2264"]
[BlackElo "2119"]
[WhiteTeam "Switzerland"]
[BlackTeam "Oranje 3"]
[WhiteFideId "1300393"]
[BlackFideId "1043820"]
[EventDate "2016.06.26"]

1. d4 d5 2. Nf3 Nf6 3. Bf4 c6 4. e3 Bf5 5. Bd3 Bg6 6. O-O e6 7. Ne5 Nbd7 8. Nd2
Nxe5 9. dxe5 Nd7 10. Bg3 Qb6 11. Rb1 Nc5 12. Bxg6 hxg6 13. b4 Na4 14. Rb3 Qa6
15. Qg4 b5 16. Nf3 Be7 17. Nd4 Qc8 18. e4 Qd7 19. exd5 cxd5 20. f4 Rh5 21. Qe2
Rc8 22. Qxb5 Qxb5 23. Nxb5 Rxc2 24. Ra3 Nb6 25. Rxa7 Bxb4 26. Bf2 Nd7 27. Rb1
Rc4 28. a3 Be7 29. Ra8+ Bd8 30. Nd6+ 1-0

[Event "World Senior Teams +65"]
[Site "Radebeul GER"]
[Date "2016.06.26"]
[Round "1.15"]
[Board "2"]
[White "Mostertman, Loek"]
[Black "Bhend, Edwin"]
[Result "0-1"]
[BlackTitle "IM"]
[WhiteElo "1958"]
[BlackElo "2169"]
[WhiteTeam "Oranje 3"]
[BlackTeam "Switzerland"]
[WhiteFideId "1010425"]
[BlackFideId "1300288"]
[EventDate "2016.06.26"]

1. e4 c5 2. d4 cxd4 3. Nf3 d6 4. Qxd4 Nc6 5. Bb5 Bd7 6. Qd3 g6 7. c4 Bg7 8. Nc3
Nf6 9. h3 O-O 10. O-O a6 11. Bxc6 Bxc6 12. Nd4 Bd7 13. Be3 Rc8 14. Rac1 Qa5 15.
a3 Qh5 16. Rfd1 Bh6 17. Nd5 Nxd5 18. exd5 Bg7 19. b4 f5 20. f4 g5 21. Rf1 g4 22.
Kh2 Rf6 23. Rg1 Rh6 24. Bf2 Qf7 25. Qb3 Rg6 26. Be3 e5 27. dxe6 Bxe6 28. Nxe6
Rxe6 29. Qd3 Re4 30. Rge1 Rce8 31. Bd2 Rxe1 32. Rxe1 Rxe1 33. Bxe1 Qe6 34. Qd5
Qxd5 35. cxd5 gxh3 36. Kxh3 Kf7 37. Kg3 b5 38. Kf3 Kg6 39. Bh4 Bb2 40. Bd8 Bxa3
41. Ba5 Kf7 42. Ke2 Bc1 43. Kf3 Bd2 44. g3 Be1 45. g4 Kg6 46. g5 Bd2 47. Kg3 Kh5
48. Kf3 Kh4 49. Bd8 Kh3 50. Ba5 Bc3 0-1

[Event "World Senior Teams +65"]
[Site "Radebeul GER"]
[Date "2016.06.26"]
[Round "1.15"]
[Board "3"]
[White "Hohler, Peter"]
[Black "Mentink, Toon"]
[Result "1/2-1/2"]
[WhiteTitle "FM"]
[WhiteElo "2159"]
[BlackElo "1853"]
[WhiteTeam "Switzerland"]
[BlackTeam "Oranje 3"]
[WhiteFideId "1300296"]
[BlackFideId "1017322"]
[EventDate "2016.06.26"]

1. d4 Nf6 2. c4 c5 3. d5 d6 4. Nc3 Nbd7 5. e4 g6 6. Nf3 Bg7 7. Be2 O-O 8. h3 b5
9. cxb5 a6 10. O-O axb5 11. Bxb5 Ba6 12. Bxa6 Rxa6 13. Qe2 Qb6 14. Rb1 Rfa8 15.
Nd2 Ne8 16. Nc4 Qb7 17. Bd2 Nc7 18. Rfc1 Ne5 19. a3 Qb3 1/2-1/2

[Event "World Senior Teams +65"]
[Site "Radebeul GER"]
[Date "2016.06.26"]
[Round "1.15"]
[Board "4"]
[White "Montsma, Foppe-Jan"]
[Black "Illi, Hans-Joerg"]
[Result "1/2-1/2"]
[WhiteElo "1825"]
[BlackElo "2042"]
[WhiteTeam "Oranje 3"]
[BlackTeam "Switzerland"]
[WhiteFideId "1011472"]
[BlackFideId "1300431"]
[EventDate "2016.06.26"]

1. e4 c6 2. d3 d5 3. Nd2 g6 4. Ngf3 Bg7 5. g3 e5 6. Bg2 Ne7 7. O-O O-O 8. Re1 d4
9. Nc4 Qc7 10. a4 b5 11. Na3 Bd7 12. c3 dxc3 13. bxc3 Qa5 14. Bb2 Bg4 15. axb5
cxb5 16. Qb3 Nd7 17. Qxb5 Qc7 18. Nc4 Bxf3 19. Bxf3 Nc5 20. Be2 Rfd8 21. Red1
Rdb8 22. Qa5 Qc6 23. Qa2 Nb3 24. Rab1 Nc8 25. Ba3 Nc5 26. Rxb8 Rxb8 27. Rb1 Nb6
28. Nxb6 Rxb6 29. Rxb6 1/2-1/2

[Event "World Senior Teams +65"]
[Site "Radebeul GER"]
[Date "2016.06.26"]
[Round "1.16"]
[Board "1"]
[White "Niebuhr, Gerd"]
[Black "Ager, Josef"]
[Result "1/2-1/2"]
[WhiteElo "1931"]
[BlackElo "2158"]
[WhiteTeam "Freibauer Niedersachsen"]
[BlackTeam "Niederoesterreich"]
[WhiteFideId "24616443"]
[BlackFideId "1607138"]
[EventDate "2016.06.26"]

1. d4 d6 2. c4 e5 3. Nf3 e4 4. Nfd2 f5 5. e3 Nf6 6. Nc3 c5 7. Be2 g6 8. O-O Bg7
9. f3 cxd4 10. exd4 e3 11. Nb3 f4 12. d5 O-O 13. Nd4 Qe7 14. b3 Nfd7 15. Bb2 Ne5
16. Rc1 Na6 17. Ne4 Nc5 18. Qc2 a5 19. Rcd1 Bd7 20. Ne6 Bxe6 21. dxe6 Nxe4 22.
Qxe4 Nc6 23. Bxg7 Kxg7 24. c5 Rad8 25. cxd6 Rxd6 26. Rxd6 Qxd6 27. Rd1 Qb4 28.
Rd7+ Kh8 29. Qxb4 axb4 30. Rxb7 Ra8 31. e7 Nd4 32. Ba6 Nf5 33. Bd3 Ng7 34. Rxb4
Rxa2 35. Re4 Ra1+ 36. Bf1 Ne8 37. g3 1/2-1/2

[Event "World Senior Teams +65"]
[Site "Radebeul GER"]
[Date "2016.06.26"]
[Round "1.16"]
[Board "2"]
[White "Gneiss, Karl"]
[Black "Juergens, Peter2"]
[Result "1-0"]
[WhiteElo "2183"]
[BlackElo "1938"]
[WhiteTeam "Niederoesterreich"]
[BlackTeam "Freibauer Niedersachsen"]
[WhiteFideId "1605844"]
[BlackFideId "4694694"]
[EventDate "2016.06.26"]

1. c4 Nf6 2. Nc3 e6 3. e4 c5 4. e5 Ng8 5. Nf3 Nc6 6. g3 d6 7. exd6 Bxd6 8. d4
Nf6 9. dxc5 Bxc5 10. Qxd8+ Kxd8 11. Bg2 Ke7 12. O-O Rd8 13. Na4 Bd6 14. Be3 Bd7
15. Rfd1 Ne5 16. Nc5 Bc6 17. Nxe5 Bxe5 18. Nxb7 Bxb7 19. Bxb7 Rab8 20. Bc5+ Bd6
21. Rxd6 Rxd6 22. Rd1 Rxb7 23. Bxd6+ Ke8 24. Be5 Ke7 25. Rd3 Ne8 26. Ra3 f6 27.
Bd4 Nd6 28. b3 Nc8 29. f4 Rc7 30. Ra6 Kd7 31. Kf2 Rc6 32. Ra5 a6 33. Rc5 Rd6 34.
Be3 g6 35. b4 Nb6 36. Kf3 Rd3 37. Ke4 Ra3 38. Kd4 Rxa2 39. Ra5 Rxa5 40. bxa5 Na4
41. Bc1 Kc6 42. Ba3 Kd7 43. g4 Ke8 44. h4 h5 45. g5 e5+ 46. fxe5 fxg5 47. hxg5
h4 48. e6 1-0

[Event "World Senior Teams +65"]
[Site "Radebeul GER"]
[Date "2016.06.26"]
[Round "1.16"]
[Board "3"]
[White "Hellwege, Werner"]
[Black "Weinwurm, Wolfgang"]
[Result "0-1"]
[WhiteElo "1895"]
[BlackElo "2172"]
[WhiteTeam "Freibauer Niedersachsen"]
[BlackTeam "Niederoesterreich"]
[WhiteFideId "4661460"]
[BlackFideId "1619454"]
[EventDate "2016.06.26"]

1. d4 Nf6 2. Nf3 g6 3. c4 Bg7 4. g3 O-O 5. Bg2 d6 6. O-O Nc6 7. Nc3 a6 8. Qd3
Nd7 9. e4 e5 10. Bg5 f6 11. Be3 exd4 12. Nxd4 Nde5 13. Qe2 Bg4 14. f3 Nxd4 15.
Bxd4 Be6 16. b3 f5 17. Rfd1 fxe4 18. Qxe4 c6 19. Qe3 Qe7 20. c5 Rfe8 21. cxd6
Qxd6 22. Ne4 Qb8 23. Qc3 Qc7 24. Rac1 Bd5 25. Nc5 Rad8 26. f4 Bxg2 27. Kxg2 Ng4
28. Qc4+ Rd5 29. Bg1 b5 30. Nxa6 Qe7 31. Qc2 Rxd1 32. Rxd1 Ne3+ 33. Bxe3 Qxe3
34. Nb4 c5 35. Nd5 Qe6 36. Rd2 Bd4 37. Nc3 Qc6+ 38. Kh3 Qf3 39. Nxb5 Qf1+ 40.
Rg2 Qxb5 41. a4 Qd7+ 42. g4 Kg7 43. Re2 h5 44. f5 hxg4+ 45. Kxg4 Qxf5+ 46. Qxf5
gxf5+ 47. Kf3 Rxe2 48. Kxe2 Bc3 49. Kf3 Kf6 50. h4 Kg6 51. Ke3 Be1 52. Kf3 Bxh4
53. a5 Bd8 54. a6 Bb6 0-1

[Event "World Senior Teams +65"]
[Site "Radebeul GER"]
[Date "2016.06.26"]
[Round "1.16"]
[Board "4"]
[White "Woeber, Friedrich"]
[Black "Nagorni, Walter"]
[Result "1-0"]
[WhiteElo "2116"]
[BlackElo "1982"]
[WhiteTeam "Niederoesterreich"]
[BlackTeam "Freibauer Niedersachsen"]
[WhiteFideId "1604694"]
[BlackFideId "4666593"]
[EventDate "2016.06.26"]

1. e4 c5 2. d4 cxd4 3. c3 dxc3 4. Nxc3 Nc6 5. Nf3 Qc7 6. Bc4 e6 7. O-O Nf6 8.
Nb5 Qb8 9. e5 Ng4 10. Bf4 a6 11. Nd6+ Bxd6 12. exd6 b5 13. Bd5 Bb7 14. Bxc6 Bxc6
15. Nd4 e5 16. Nxc6 dxc6 17. Qxg4 exf4 18. Qxg7 Kd7 19. Rad1 Qf8 20. Qf6 Re8 21.
Qd4 Re6 22. Qa7+ 1-0

[Event "World Senior Teams +65"]
[Site "Radebeul GER"]
[Date "2016.06.26"]
[Round "1.17"]
[Board "1"]
[White "Schmidt, Gerhard3"]
[Black "Burda, Walter"]
[Result "1-0"]
[WhiteElo "2077"]
[BlackElo "2062"]
[WhiteTeam "Saxone"]
[BlackTeam "SV Dresden-Striesen 1990 e.V."]
[WhiteFideId "12962260"]
[BlackFideId "16203321"]
[EventDate "2016.06.26"]

1. d4 Nf6 2. Nf3 b6 3. c4 e6 4. Nc3 Bb4 5. Qb3 c5 6. Bg5 O-O 7. e3 Ba6 8. a3
Bxc3+ 9. Qxc3 d5 10. dxc5 bxc5 11. Bxf6 Qxf6 12. Qxf6 gxf6 13. Rc1 dxc4 14. Bxc4
Bxc4 15. Rxc4 Nd7 16. Ke2 Rfb8 17. Rc2 Kf8 18. Rd1 Ke7 19. b4 Rb5 20. bxc5 Nxc5
21. Nd4 1-0

[Event "World Senior Teams +65"]
[Site "Radebeul GER"]
[Date "2016.06.26"]
[Round "1.17"]
[Board "2"]
[White "Deppe, Christian"]
[Black "Lenk, Wolfgang"]
[Result "1/2-1/2"]
[WhiteElo "1850"]
[BlackElo "2213"]
[WhiteTeam "SV Dresden-Striesen 1990 e.V."]
[BlackTeam "USV TU Dresden"]
[WhiteFideId "12911224"]
[BlackFideId "4612388"]
[EventDate "2016.06.26"]

1. f4 Nf6 2. Nf3 d6 3. d3 g6 4. e4 Bg7 5. Be2 c5 6. c3 Nc6 7. O-O O-O 8. Na3 Rb8
9. Qe1 b5 10. Nc2 a5 11. e5 Ng4 12. d4 cxd4 13. cxd4 Qb6 14. Kh1 Bf5 15. Ne3
Nxe3 16. Bxe3 dxe5 17. fxe5 Nxe5 18. Nxe5 Bxe5 19. Bg4 Bxg4 20. dxe5 Qe6 21.
Qxa5 Ra8 22. Qb4 Rfc8 23. Bg5 Ra7 24. Rfe1 h5 25. Qxb5 Qf5 26. Bd2 h4 27. Qf1
Qe6 28. h3 Bf5 29. Bc3 1/2-1/2

[Event "World Senior Teams +65"]
[Site "Radebeul GER"]
[Date "2016.06.26"]
[Round "1.17"]
[Board "3"]
[White "Kahn, Peter"]
[Black "Thalheim, Peter"]
[Result "1-0"]
[WhiteElo "2097"]
[BlackElo "1827"]
[WhiteTeam "USV TU Dresden"]
[BlackTeam "SV Dresden-Striesen 1990 e.V."]
[WhiteFideId "4686837"]
[BlackFideId "12958220"]
[EventDate "2016.06.26"]

1. e4 e6 2. d4 d5 3. Nd2 c5 4. exd5 exd5 5. Ngf3 Bg4 6. Bb5+ Nc6 7. O-O Bd6 8.
Re1+ Ne7 9. dxc5 Bxc5 10. Nb3 Qb6 11. Bxc6+ bxc6 12. Nxc5 Qxc5 13. Be3 Qd6 14.
c3 O-O 15. b4 Rfe8 16. Bc5 Qf6 17. Qd4 Bxf3 18. Qxf6 gxf6 19. Bxe7 Bg4 20. Bxf6
Bd7 21. Re7 Rxe7 22. Bxe7 f5 23. Bc5 a6 24. f3 Re8 25. Kf2 h5 26. a4 Kf7 27. a5
Kf6 28. Rd1 Rb8 29. Rd4 Be6 30. Rd3 Kf7 31. Re3 Re8 32. Re5 Bd7 33. Rxe8 Bxe8
34. Ke3 Ke6 35. Kd4 f4 36. Bf8 Kf5 37. Kc5 Ke5 38. Kb6 Bg6 39. Kxa6 Bd3+ 40. Kb6
Bf1 41. g3 Bg2 42. gxf4+ Kxf4 43. a6 Bxf3 44. a7 1-0